Vybrané aspekty hodnotenia a kontroly profesijnej mobility v rozvoji kariéry

Empirický výskum zameraný na preferencie a názory jednotlivcov na kariéru a ich očakávania v kariére. Analýza podmienok a kritérií pre kariérne vzostupy v odbornej a manažérskej kariére a faktorov ovplyvňujúcich externú profesijnú mobilitu.

Na minha lista:
Detalhes bibliográficos
Autor principal: Matulčíková, Marta, 1964-
Formato: Capítulo de Livro
Idioma:eslovaco
Assuntos:
Tags: Adicionar Tag
Sem tags, seja o primeiro a adicionar uma tag!

MARC

LEADER 00000naa$a2200000$$$4500
001 0260281
005 20240502074122.7
041 0 |a slo 
044 |a SK 
245 1 0 |a Vybrané aspekty hodnotenia a kontroly profesijnej mobility v rozvoji kariéry  |c Marta Matulčíková 
520 |a Empirický výskum zameraný na preferencie a názory jednotlivcov na kariéru a ich očakávania v kariére. Analýza podmienok a kritérií pre kariérne vzostupy v odbornej a manažérskej kariére a faktorov ovplyvňujúcich externú profesijnú mobilitu. 
610 2 0 |a postupy pracovné 
610 2 0 |a rozvoj pracovníkov 
610 2 0 |a kontrola 
610 2 0 |a kariéra 
610 2 0 |a sily pracovné 
100 1 |a Matulčíková, Marta, 1964-